Sloboda a to ľudské

Bibliographic Details
Main Author: Kraus, Milan, 1924-2006 (Author)
Format: Article
Language:Slovak
ISSN:1336-2526
Subjects:

MARC

LEADER 00000nab a2200000 a 4500
001 vtls008421700
003 SK-MaSNL
005 20260303074212.0
008 140617c2005 xo mr|p|||||||000 b|slo
015 |a SNBRB2006/01  |2 snkbucl 
038 |a SNKBUCL 
040 |a SNKBUCL  |b slo  |c SNKBUCL  |e AACR2 
041 0 |a slo 
044 |a xo  |c SK 
080 |a 123.1  |2 1997 
080 |a 141.7  |2 1997 
100 1 |a Kraus, Milan,  |d 1924-2006  |4 aut  |9 103685 
245 1 0 |a Sloboda a to ľudské  |c Milan Kraus 
650 0 7 |a sloboda  |2 snkbucl  |9 2170 
650 0 7 |a liberalizmus  |2 snkbucl  |9 17721 
773 0 |t Tvorba  |g Roč. XV (XXIV), č. 3 (2005), s. 1-2  |x 1336-2526 
852 |a SNK  |b KIS3GCP 
999 |c 1770710  |d 1772640